Fogyasztás és fogyasztási szerkezet az Egyesült Államokban, 1980-1990.

Vplyv nástrojov monetárnej politiky na spotrebu a jej štruktúru v USA. Podiel osobnej spotreby na celkovom hrubom produkte v r. 1969-1990. Vplyv príjmov a cien na spotrebu. Vplyv demografických faktorov. Osobná spotreba podľa hlavných skupín výdavkov. Výdaje na spotrebu počas recesie a po nej. Zmeny...

Descripción completa

Guardado en:
Detalles Bibliográficos
Autor principal: Kovács, I.
Formato: Capítulo de libro
Lenguaje:húngaro
Materias:
Etiquetas: Agregar Etiqueta
Sin Etiquetas, Sea el primero en etiquetar este registro!

MARC

LEADER 00000naa a2200000 4500
001 r011905
005 20220826094901.2
041 0 |a hun 
044 |a HU 
245 1 0 |a Fogyasztás és fogyasztási szerkezet az Egyesült Államokban, 1980-1990.  |c I. Kovács 
520 |a Vplyv nástrojov monetárnej politiky na spotrebu a jej štruktúru v USA. Podiel osobnej spotreby na celkovom hrubom produkte v r. 1969-1990. Vplyv príjmov a cien na spotrebu. Vplyv demografických faktorov. Osobná spotreba podľa hlavných skupín výdavkov. Výdaje na spotrebu počas recesie a po nej. Zmeny v štruktúre spotreby. 
610 2 0 |a spotreba 
610 2 0 |a spotreba obyvateľstva 
610 2 0 |a USA 
610 2 0 |a 1969-1990 
610 2 0 |a politika menová 
610 2 0 |a produkt hrubý 
610 2 0 |a príjmy 
610 2 0 |a ceny 
610 2 0 |a výdavky obyvateľstva 
610 2 0 |a demografia 
610 2 0 |a údaje štatistické 
100 1 |a Kovács, I.